000 00812nam a22002777a 4500
003 CHAP
005 20220329143539.0
008 100512s1979 us a r 00010 eng d
010 _a98371
011 _a99343
035 _a110029
040 _cCHAP
090 _aFolleto 17608
110 2 _aAmerican Forest Institute
_95240
245 1 4 _aThe great american forest
_c/by American Forest Institute
260 _aWshingron, D.C. :
_bAmerican Forest Institute,
_c1979
300 _a12 p. :
_bilus.
590 _aBATCH-UPD
_b10
_c20130110
_lUCH01
_h1401
590 _aCONVERSION
_b10
_c20130109
_lUCH01
_h1354
650 1 4 _aBosques.
_914002
650 1 4 _aMadera.
_969594
650 1 4 _aSilvicultura.
_9106109
901 _aBK
942 _cFOLL
949 _aFolleto 17608
_bBC
_cFOLL
_d33724002123678
_eTS1
_i110029
_sb
999 _c98371
_d98371